000
00293nam a22001337a 4500
008
181012b xxu||||| |||| 00| 0 eng d
020
_a
0883440989
041
_a
eng
080
_a
316
100
_a
50
101
_a
SOC
245
_a
Protestantism and Repression
_c
Alves, R
942
_2
udc
_c
BK
999
_c
49580
_d
49580